00333nam a2200121Ia 4500008004100000041000800041082001700049100001700066245004500083260003900128300003200167365001200199240624s9999 xx 000 0 und d aeng a330.9593 GUP aGUP BENTON E aFINANCIAL AND ECONOMIC CRISES AN INTERNA c2010aUnited KingdombEdward Elgar axiii, : 235 : p. : cm. ; 24 cGBPb50